Religion Quiz

Random Religion or Bible Quiz

Plagues of Egypt (Redux) Quiz Stats

 Plays Quiz Updated Jun 12, 2018

Also try: Plagues of Egypt
Challenge
Share
Tweet
Embed
Score 0/10 Timer 02:00
0 Plays Today
% Correct
???
83.4%
???
83%
???
79.8%
???
73.4%
???
73.2%
???
72%
???
67.7%
???
54.3%
???
52.5%
???
38.8%

You're not logged in!

Compare scores with friends on all Sporcle quizzes.
Join for Free
OR
Log In

You Might Also Like...

Show Comments

Extras

Top Quizzes Today


Score Distribution

Your Account Isn't Verified!

In order to create a playlist on Sporcle, you need to verify the email address you used during registration. Go to your Sporcle Settings to finish the process.

Report this User

Report this user for behavior that violates our Community Guidelines.

Details: